000 00856 a2200229 4500
003 Nust
005 20230808145531.0
010 _a 88036999
020 _a013033085X (London)
020 _a8020002529 (Prague)
040 _cNust
082 0 0 _a629.8,KUC
100 1 _aKu飥ra, Vladim⩲,
_9114043
245 1 0 _aAnalysis and design of discrete linear control systems /
_cVladim⩲ Ku飥ra.
260 _aPrague :
_bAcademia,
_cc1991.
300 _aviii, 472 p. :
_bill. ;
_c25 cm.
505 _apreliminary mathematics (Page-1), Linear systems (Page-43), State feedback (Page-113), State estimation (Page-177), Output feedback (Page-223), Feedback and feed forward (Page-319), Subject index (Page-467).
650 0 _aControl theory.
650 0 _aDiscrete-time systems.
_998002
650 0 _aLinear control systems.
942 _2ddc
_cBK
_k629.8,KUC
999 _c183929
_d183929